Les 10 pays les moins peuplés du monde. - Statistiques

Statistiques générales
  • Ce quiz a été pris 124 fois
  • Le résultat moyen est 4 sur 10
Statistiques - réponses
RANG PAYS POPULATION % Correct
1 Vatican 921
96%
9 Saint-Marin 29 251
78%
10 Liechtenstein 33 863
59%
3 Nauru 9 500
50%
4 Tuvalu 10 800
50%
6 Palaos 19 949
37%
7 Île Cook 20 000
1%
8 Îles Vierges britanniques 23 000
1%
5 Anguilla 15 000
0%
2 Malouines 3 000
0%
Aucun quiz correspondant
Distribution des résultats
% des personnes avec chaque résultat
Percentile par nombre de réponses
Votre historique - résultats
Vous n’avez pas pris ce quiz